History Quiz

Random History or Discovery Quiz
Score 0/20 Timer 04:00
2 Plays Today
% Correct
J. Robert Oppenheimer
84.6%
James Madison
80.6%
Hippocrates
78.7%
Gregor Mendel
70.1%
Geoffrey Chaucer
69.4%
Euclid
64.8%
Herodotus
51%
Ernest Rutherford
48.2%
Carl Linnaeus
43.8%
Scot Breithaupt
42.6%
% Correct
Aeschylus
42.1%
Walter Camp
41.1%
W.C. Handy
40%
Antoine-Laurent Lavoisier
39.7%
Walter Winchell
35.9%
Aristophanes
34.4%
Hugh Trenchard
32.9%
The Venerable Bede
30.3%
Henry Miller
28.3%
Caedmon
18.2%
Remove Ads.
Support Sporcle.
Get the best of Sporcle when you Go Orange. This ad-free experience offers more features, more stats, and more fun while also helping to support Sporcle. Thank you for becoming a member.

You're not logged in!

Compare scores with friends on all Sporcle quizzes.
OR
Log In

Show Comments

Extras

Top Quizzes Today


Score Distribution

Your Account Isn't Verified!

In order to create a playlist on Sporcle, you need to verify the email address you used during registration. Go to your Sporcle Settings to finish the process.

Report this User

Report this user for behavior that violates our Community Guidelines.

Details: